Trouvez les pays qui commençent par un A - Statistics

General Stats
  • This quiz has been taken 535 times
  • The average score is 7 of 14
Answers on the Map
Answers color-coded by a green-red scale on the quiz's map according to % correct below.
 
Answer Stats
Answer % Correct
Australie
82%
Allemagne
80%
Algérie
79%
Argentine
78%
Afrique du Sud
77%
Arabie Saoudite
71%
Autriche
60%
Afghanistan
53%
Angola
44%
Albanie
39%
Azerbaïdjan
32%
Arménie
29%
Andorre
6%
Antigua-et-Barbuda
0%
No matching quizzes found
Score Distribution
Percent of People with Each Score
Percentile by Number Answered
Your Score History
You have not taken this quiz